| 000 | 00547nam a2200169Ia 4500 | ||
|---|---|---|---|
| 003 | GCL | ||
| 008 | 140319s9999 xx 000 0 ara d | ||
| 040 |
_aGCL / _cGCL |
||
| 082 | 0 | 4 |
_a189 _bع غ |
| 100 | 1 | _aعلى لبن | |
| 245 | 1 | 0 |
_aالغزو الفكرى فى المناهج الدراسية (اولا) فى الفقيدة / _cعلى لبن |
| 260 |
_a[S.N] : _bدار الوفاء للطباعة والنشر والتوزيع ، _c1987 |
||
| 300 | _a110 | ||
| 490 | _a | ||
| 650 | 0 | 4 | _aالفلسفة الاسلامية |
| 942 |
_2ddc _cBK |
||
| 999 |
_c52952 _d52952 |
||